000 01045nam a2200313 i 4500
001 11412
003 KOSZ 005
005 20220824101118.0
008 020510s1968 pl f 000 0 pol
015 _aPB 1968/3199
040 _aWA N
_cKOSZ 005/RW
_dKOSZ 005/RW
_dKOSZ 005/HR
046 _k1968
080 _a551.7
080 _a(03)
245 0 0 _aSłownik stratygraficzny /
_c[Aut.: Jadwiga Czaplicka [et al.]].
260 _aWarszawa :
_bWydawnictwa Geologiczne,
_c1968.
300 _a530 s. :
_c22 cm +
_e20 luźnych tabl. w obwolucie.
380 _aKsiążki.
388 _a1901-2000
658 _aGeografia i nauki o Ziemi
650 4 _aTerminologia
655 4 _aSłowniki polskie
655 4 _aSłownik terminologiczny
650 4 _aGeologia historyczna
700 1 _aCzaplicka, Jadwiga
_c(geolog)
_eAutor
710 2 _aWydawnictwa Geologiczne
_4pbl.
856 _uhttp://koha.tu.koszalin.pl/cgi-bin/koha/opac-detail.pl?biblionumber=11412
_yKatalog online BPK
942 _2UKD
_cKS
999 _c11412
_d11412